Small Business Gateway (Record no. 120299)

MARC details
000 -LEADER
fixed length control field 00906cam a2200193 4500
001 - CONTROL NUMBER
control field WS122888
008 - FIXED-LENGTH DATA ELEMENTS--GENERAL INFORMATION
fixed length control field 030702n 000 0 eng u
035 ## - SYSTEM CONTROL NUMBER
System control number (Sirsi) u122888
110 ## - MAIN ENTRY--CORPORATE NAME
Corporate name or jurisdiction name as entry element Scottish Enterprise
9 (RLIN) 2731
245 ## - TITLE STATEMENT
Title Small Business Gateway
520 ## - SUMMARY, ETC.
Summary, etc. Web site for this service which provides a single access point to a range of integrated services for small businesses in Scotland. Outlines the services they offer including a business information service, business start up service, high growth start up service and business growth service. Includes pages aimed at new and established companies and fact sheets.
650 ## - SUBJECT ADDED ENTRY--TOPICAL TERM
Topical term or geographic name entry element BUSINESS START-UPS
650 ## - SUBJECT ADDED ENTRY--TOPICAL TERM
Topical term or geographic name entry element FINANCE
650 ## - SUBJECT ADDED ENTRY--TOPICAL TERM
Topical term or geographic name entry element SMALL BUSINESSES
650 ## - SUBJECT ADDED ENTRY--TOPICAL TERM
Topical term or geographic name entry element SELF EMPLOYMENT
690 ## - LOCAL SUBJECT ADDED ENTRY--TOPICAL TERM (OCLC, RLIN)
Topical term or geographic name as entry element MANAGEMENT-BUSINESS MANAGEMENT
856 40 - ELECTRONIC LOCATION AND ACCESS
Uniform Resource Identifier <a href="https://www.bgateway.com/">https://www.bgateway.com/</a>
Public note View the website free of charge at www.bgateway.com/...
942 ## - ADDED ENTRY ELEMENTS (KOHA)
Suppress in OPAC 0
Holdings
Withdrawn status Lost status Source of classification or shelving scheme Damaged status Not for loan Home library Current library Shelving location Date acquired Total Checkouts Full call number Barcode Date last seen Copy number Price effective from Koha item type
    Dewey Decimal Classification     Virtual Virtual Online 02/07/2003   WEB SITE 122888-1001 06/08/2019 1 06/08/2019 Online material